| 000 | 01776cam a2200289 4500 | ||
|---|---|---|---|
| 001 | ##L135744 | ||
| 008 | 061206n2011 000 0 eng u | ||
| 020 | _a0117539767 | ||
| 035 | _a(Sirsi) u135744 | ||
| 041 | 0 | _aeng | |
| 050 | 0 | 4 | _a711.1 $2 18 |
| 110 | 1 |
_aUnited Kingdom _bDepartment for Communities and Local Government _94939 |
|
| 245 | 0 | 0 |
_aPlanning Policy Statement 3 (PPS3) _bhousing |
| 250 | _a4th edition | ||
| 260 |
_aLondon _bTSO _c2011 |
||
| 490 | 0 |
_aPlanning Policy Statement _vThree |
|
| 505 | 1 | _aNational planning policies: achieving high quality housing; achieving a mix of housing; market housing; affordable housing; making effective use of existing housing stock; assessing an appropriate level of housing; providing housing in suitable locations; delivering a flexible supply of land for housing -- Managing delivery: implementation strategy; determining planning applications; monitoring and review | |
| 520 | _aOutlines the national planning policy framework in England for delivering government's housing objectives. Aims to deliver housing via a more responsive approach to land supply at the local level and reflects government's commitment to improving the affordability and supply of housing in all communities, including rural areas. | ||
| 520 | _aSupersedes "Planning policy guidance note three: housing" (PPG3) (ISBN 011753546X). | ||
| 590 | _aKA NTK | ||
| 650 | 2 | 4 | _aPLANNING POLICY STATEMENT 3 |
| 650 | 2 | 4 | _aPLANNING POLICY GUIDANCE NOTE THREE |
| 651 | 4 |
_aEngland _y886- |
|
| 690 | _aENVIRONMENTAL AND LAND CONSULTANCY-PLANNING AND DEVELOPMENT-PLANNING GUIDANCE | ||
| 856 | 4 | 0 |
_uhttps://www.communities.gov.uk/documents/planningandbuilding/pdf/1918430.pdf _zView the item free of charge at www.communities.gov.uk |
| 942 | _n0 | ||
| 999 |
_c106183 _d106183 |
||